000 01477cam a22003015a 4500
001 E148597
008 091012s2009 xxk f 000 0 eng d
020 _a9781842195062
035 _a(Sirsi) u148597
041 0 _aeng
050 0 4 _a690.241 $2 18
110 2 _aRoyal Institution of Chartered Surveyors
_94900
245 0 0 _aHistoric building conservation
_bRICS guidance note
_h[archived]
260 _aCoventry
_bRICS
_c2009
300 _avi, 36p.
_c30cm.
490 0 _aRICS Guidance Note
505 2 _aPhilosophy -- Conservation plans -- Survey and inspection -- Maintenance management for heritage buildings -- Projects -- Appendices
520 _aSets out best practice in the field of building conservation to assist surveyors who are asked to advise on aspects of works associated with a historic building or structure. Offers advice on general conservation philosophy, appraisal of a building and its environment, identification of statutory constraints and planning for existing and future maintenance regimes.
520 _aArchived in 2023 due to changes in conservation philosophy and practice. New edition due in 2024
521 _aAdvanced
590 _aKA
650 _aCONSERVATION
650 _aHISTORIC BUILDINGS
651 4 _aUnited Kingdom
690 _aConservation & restoration
_96229
856 4 8 _uhttps://www.isurv.com/downloads/file/1181/historic_building_conservation
_zArchived on isurv (subscription required)
942 _n0
_2ddc
999 _c110120
_d110120